The Simpsons Depictions of Real People - Statistics

General Stats
  • This quiz has been taken 77 times
  • The average score is 13 of 20
Answer Stats
Picture Hint Answer % Correct
Monarch Elizabeth II
96%
Musician Elton John
93%
US President Richard Nixon
81%
Singer Lady Gaga
79%
Dictator Kim Jong Il
78%
Astronaut Buzz Aldrin
74%
Actor and politician Arnold Schwarzenegger
73%
Singer Dolly Parton
73%
Author J.K. Rowling
71%
Actor Tom Hanks
70%
Skateboarder Tony Hawk
68%
Comedian Weird Al Yankovic
67%
Revolutionary and dictator Vladimir Lenin
64%
British Prime Minister Tony Blair
63%
Director Quentin Tarantino
55%
Actor Leonard Nimoy
52%
Magazine publisher Hugh Hefner
49%
Singer Barry White
37%
Singer and actress Bette Midler
37%
Comedian Bob Hope
32%
No matching quizzes found
Score Distribution
Percent of People with Each Score
Percentile by Number Answered
Your Score History
You have not taken this quiz